000 00620nam a2200169Ia 4500
999 _c9116
_d9116
008 201231s9999 xx 000 0 und d
020 _a0521467349
100 _aMigdal, Joel S., Kohli, Atul and Shue, Vivienne
_94577
245 0 _aState power and social forces : domination and transformation in the Third World /
_cedited by Joel S. Migdal, Atul Kohli and Vivienne Shue.
260 _aCambridge
_bCambridge University Press
_c1994
300 _a333p.
650 0 _aPolitics and government, Asia
700 _94578
_aMigdal, Joel S.
700 _94579
_aKohli, Atul
700 _94580
_aShue, Vivienne
942 _cBK
_2ddc